[Event "Kiryat Ono op-A 4th"]
[Site "Kiryat Ono"]
[Date "2013.07.04"]
[Round "5"]
[White "Reshef, Omer"]
[Black "Klein, Noam"]
[Result "1/2-1/2"]
[WhiteElo "2228"]
[BlackElo "1917"]
[PlyCount "190"]
[EventDate "2013.06.30"]
[EventType "swiss"]
[EventRounds "5"]
[EventCountry "ISR"]
[SourceTitle "CBM 155 Extra"]
[Source "ChessBase"]
[SourceDate "2013.08.26"]
[SourceVersion "1"]
[SourceVersionDate "2013.08.26"]
[SourceQuality "1"]

1. e4 e5 2. Nf3 Nc6 3. Nc3 Nf6 4. Bb5 Bb4 5. 0-0 0-0 6. d3 d6 7. Bg5 Ne7 8. a3 Bxc3 9. bxc3 c6 10. Bc4 Ng6 11. Qd2 h6 12. Be3 d5 13. exd5 cxd5 14. Bb3 Bg4 15. Kh1 Bxf3 16. gxf3 Nh4 17. Qe2 Nh5 18. Rg1 Kh7 19. f4 Nxf4 20. Bxf4 exf4 21. Qe5 Ng6 22. Qxd5 Qxd5+ 23. Bxd5 Rae8 24. Rae1 Rxe1 25. Rxe1 b6 26. c4 Kg8 27. Kg2 Rd8 28. Kf3 Kf8 29. Be4 Rd6 30. Bxg6 Rxg6 31. Kxf4 Rg2 32. Kf3 Rxh2 33. Kg3 Rh5 34. d4 Rg5+ 35. Kf4 Rg2 36. Re2 Rg1 37. Ke5 Ke7 38. Kd5+ Kd7 39. f4 Rh1 40. Re5 f6 41. Re2 Rh5+ 42. Ke4 g5 43. Kf5 gxf4+ 44. Kxf6 Ra5 45. Rf2 Rxa3 46. Rxf4 Rc3 47. Ke5 Rxc4 48. Rf7+ Ke8 49. Rxa7 Rxc2 50. Kd6 Rg2 51. Ra8+ Kf7 52. d5 Rd2 53. Kc6 Ke7 54. Ra7+ Kd8 55. Rh7 Rc2+ 56. Kd6 Kc8 57. Rxh6 b5 58. Ke7 Rd2 59. Kd6 b4 60. Rh4 Rg2 61. Rc4+ Kd8 62. Rxb4 Rg6+ 63. Kc5 Kd7 64. Rb7+ Kc8 65. Re7 Rh6 66. Re6 Rh7 67. Kd6 Rd7+ 68. Ke5 Rh7 69. Kd6 Rd7+ 70. Kc5 Rh7 71. Rc6+ Kd7 72. Ra6 Kc8 73. Kc6 Rc7+ 74. Kd6 Rd7+ 75. Ke6 Rh7 76. Ra8+ Kb7 77. Re8 Rh6+ 78. Kd7 Rh7+ 79. Re7 Rh8 80. d6 Rg8 81. Rh7 Kb6 82. Re7 Rh8 83. Re8 Rh6 84. Re6 Rh7+ 85. Kd8 Rh8+ 86. Re8 Rh7 87. d7 Kc6 88. Re6+ Kb7 89. Rf6 Rh8+ 90. Ke7 Kc7 91. Rf7 Rd8 92. Ke6 Rh8 93. Rg7 Kd8 94. Rg6 Rf8 95. Rg1 Rh8 1/2-1/2